00000000nam##2200000za#4500
0019.668606
003CaOODSP
00520240209132632
007ta
008150407|2007||||xxc|||||     f|0| 0 fre|d
020 |a978-0-662-49994-7
040 |aCaOODSP|bfre
041 |aeng
041 |afre
043 |an-cn---
0861 |aIu89-4/26-2007
1102 |aAgence de promotion économique du Canada atlantique.
24510|aDevenir une entreprise écoefficace
260 |aMoncton - Nouveau-Brunswick : |bAgence de promotion économique du Canada atlantique |c2007.
300 |a1 feuille (texte français, [1]p.) : |bphotographies ; |c28 cm.
500 |aEn tête du titre: Écoéfficacité.
563 |aDépliant
590 |a07-18|b2007-05-04
69107|aEntreprise|2gcpds
69107|aGestion|2gcpds
69107|aProgramme relatif à l'environnement|2gcpds
7760#|tDevenir une entreprise écoefficace |w(CaOODSP)9.638184
7760#|tBecoming an eco-efficient business |w(CaOODSP)9.694001
791 |tBecoming an eco-efficient business |eeng|w(CaOODSP)9.668605
986 |aAPECA: 2007-03